000 00366cam a2200145ua 4500
003 OSt
008 240321b |||||||| |||| 00| 0 eng d
041 _aeng
082 _a909
_bHAM/LA
100 _aHammerton, J A .
_96155
245 _aLands and peoples of the world /
260 _aDelhi :
_bMittal Publications ,
_c1985.
300 _a865-1295 ; .
942 _cBK
999 _c11243
_d11243